000 00276nam a2200109Ia 4500
008 200302s9999 xx 000 0 und d
100 _aJohn Summerson
245 _aThe Architecture of the Eighteenth Century
260 _bThames and Hudson Ltd.
260 _c2010
300 _a176
999 _c3564
_d3564